Siri buku pantas membaca

Bibliographic Details
Main Author: Abdul Razak Hussin
Format: Book
Published: Kuala Lumpur : Early Learner , 2015
Subjects:

MARC

LEADER 00000cam a2200000 7i4500
001 0000052010
005 20220105104157.0
008 150914
020 |a 9789675298127 
090 0 0 |a JP   |b EL MAL 
100 0 |a Abdul Razak Hussin 
245 1 0 |a Siri buku pantas membaca   |c Abdul Razak Hussin 
260 |a Kuala Lumpur :   |b Early Learner ,   |c 2015 
300 |a CD Audio 
500 |a Children age 4-6 years old (yellow) 
650 0 |a Early learning 
650 0 |a Malay language 
650 0 |a Reading (Preschool) 
650 0 |a Reading phonetic 
999 |a 0001354748   |b Book   |c Children Collection   |e Cawangan Tmn. Ungku Tun Aminah 
999 |a 0001354749   |b Book   |c Children Collection   |e Cawangan Sri Merlong 
999 |a 0001354750   |b Book   |c Children Collection   |e Cawangan Segamat 
999 |a 0001354753   |b Book   |c Children Collection   |e Cawangan Bukit Gambir 
999 |a 0001354754   |b Book   |c Children Collection   |e Cawangan Mersing 
999 |a 0001354758   |b Book   |c Children Collection   |e Cawangan Bandar Penawar 
999 |a 0001354759   |b Book   |c Children Collection   |e Cawangan Taman Sri Lambak 
999 |a 0001354760   |b Book   |c Teenagers   |e Cawangan Bandar Tenggara 
999 |a 0001357524   |b Book   |c Children Collection   |e Perbadanan Perpustakaan Awam Johor 
999 |a 0001357525   |b Book   |c Children Collection   |e Cawangan AEON Kulaijaya 
999 |a 0001362895   |b Book   |c Children Collection   |e Perbadanan Perpustakaan Awam Johor